000 00698nam a2200229Ia 4500
003 OSt
005 20220923213203.0
006 a|||||r|||| 00| 0
007 ta
008 220922b |||||||| |||| 00| 0 hin d
024 _a159,639
037 _cTextual
040 _aARTS
_cARTS
_bhin
041 _2hin
_ahin
082 _aO152:1:90P:1, K4
100 _aशर्मा, कृष्णलाल
245 0 _aआधुनिक हिंदी कविता में ध्वनि
246 _aĀdhunik hiandī kavitā mean dhvani
260 _c1964
942 _hO152:1:90P:1, K4
_cTEXL
_2CC
999 _c314386
_d314386